Wine of the mystic the rubaiyat of Umar khayyam : (Record no. 135512)

MARC details
000 -LEADER
fixed length control field 00736nam a22002177a 4500
005 - DATE AND TIME OF LATEST TRANSACTION
control field 20170124110246.0
010 ## - LIBRARY OF CONGRESS CONTROL NUMBER
LC control number A-938271
020 ## - INTERNATIONAL STANDARD BOOK NUMBER
Terms of availability 00.00
International Standard Book Number 0333930479
035 ## - SYSTEM CONTROL NUMBER
System control number A-938271
037 ## - SOURCE OF ACQUISITION
Source of stock number/acquisition Cen Lib/Ret
040 ## - CATALOGING SOURCE
Original cataloging agency DPL
Language of cataloging EN
082 ## - DEWEY DECIMAL CLASSIFICATION NUMBER
Classification number 881.08
Item number YOG
100 ## - MAIN ENTRY--PERSONAL NAME
Personal name Yogananda, Sri Paramahansa
9 (RLIN) 97488
245 ## - TITLE STATEMENT
Title Wine of the mystic the rubaiyat of Umar khayyam :
Remainder of title a spritual interpretation /
Statement of responsibility, etc by Sri Paramahansa Yogananda
260 ## - PUBLICATION, DISTRIBUTION, ETC. (IMPRINT)
Place of publication, distribution, etc New Delhi
Name of publisher, distributor, etc Macmillan india
Date of publication, distribution, etc 1997
270 ## - ADDRESS
Address 2/10, Ansari road Darya Ganj
City New Delhi
Postal code 110002
300 ## - PHYSICAL DESCRIPTION
Extent xxii,170p. :
Dimensions 20cm(Hb)
Other physical details ill.
650 ## - SUBJECT ADDED ENTRY--TOPICAL TERM
Topical term or geographic name as entry element Persian poetry
9 (RLIN) 97489
650 ## - SUBJECT ADDED ENTRY--TOPICAL TERM
Topical term or geographic name as entry element Rubāʻīyāt (Omar Khayyam)
9 (RLIN) 24433
942 ## - ADDED ENTRY ELEMENTS (KOHA)
Source of classification or shelving scheme Dewey Decimal Classification
Koha item type English Books
Classification part 881.08
Call number suffix YOG
Holdings
Withdrawn status Lost status Damaged status Not for loan Home library Current library Date acquired Source of acquisition Cost, normal purchase price Total Checkouts Full call number Barcode Date last seen Date checked out Copy number Cost, replacement price Price effective from Koha item type Source of classification or shelving scheme Collection code
        Central Library Central Library 06/10/2015 Cen Lib/Ret 0.00 2 881.08 YOG A-938271 29/08/2019 13/08/2019 1 0.00 06/10/2015 English Books    
        Sarojini Nagar Sarojini Nagar 11/05/2019       881.08 YOG A-938273 11/05/2019       11/05/2019 English Books Dewey Decimal Classification Non-fiction

© Delhi Public Library
Hit Counter
free hit counter